Statistics for Washington State Indian Tribes

Click here to take the quiz!

General Stats

  • This quiz has been taken 18 times
  • The average score is 6 of 29

Answer Stats

Hint Tribe % Correct
Second largest city in WashingtonSpokane
60%
Do the ________!Puyallup
60%
Winners happen here!Quinault
47%
Cascade mountain passSnoqualmie
47%
North central part of stateColville
40%
The Biggest and Best in the NorthwestMuckleshoot
33%
Island in the San JuansLummi
33%
The #1 place for funTulalip
33%
River in northwestern part of stateStillaguamish
33%
Northwestern part of state near Canadian borderNooksack
27%
Rainforest on Olympic peninsulaHoh
27%
Fort that was once important to the Hudson Bay CompanyNisqually
27%
Northwestern corner of stateMakah
27%
City in Lewis countyChehalis
20%
River that flows into the Hood CanalSkokomish
13%
Mount VernonUpper Skagit
13%
New Moon tribeQuileute
13%
South central part of stateYakama
13%
Southwestern part of stateCowlitz
13%
AnacortesSwinomish
7%
The People of Chief SeattleSuquamish
7%
North Olympic peninsulaJamestown S'Klallam
7%
Northeastern part of stateKalispel
7%
Port AngelesLower Elwha Klallam
7%
Western part of stateSauk-Suiattle
7%
Southwestern part of Puget SoundSquaxin Island
7%
Northern tip of the Kitsap peninsulaPort Gamble S'Klallam
7%
Northwestern part of stateSamish
7%
Western part of stateShoalwater Bay
0%

Score Distribution

Percentile by Number Answered

Percent of People with Each Score

Your Score History

You have not taken this quiz